Statistics for Ends in "-oon"

Click here to take the quiz!

General Stats

  • This quiz has been taken 51 times
  • The average score is 18 of 30

Answer Stats

HintAnswer% Correct
Caricature or animated filmCartoon
98%
Where cowboys went to drink and bust up the furnitureSaloon
98%
Dark red, or to strand someone in an isolated areaMaroon
95%
Astronaut Alan Shepard once hit a golf ball hereMoon
95%
The rainy season in some tropical climesMonsoon
88%
Military unit that is bigger than a squad but smaller than a companyPlatoon
86%
A hurricane, but over the Northwest Pacific, to be specificTyphoon
86%
Gasbag or aerostat (some are just full of hot air)Balloon
79%
Double reed wind instrumentBassoon
77%
A mob boss might send this guy around to "ensure your cooperation..."Goon
77%
Small cookie or biscuit, sometimes made with coconut. Very popular in FranceMacaroon
77%
Time for lunch?Noon
74%
John D. Rockefeller, Howard Hughes, Thurston Howell IIITycoon
70%
Flotation device used on bridges and party boatsPontoon
65%
When the timer on this puzzle may run outSoon
63%
Rafiki from "The Lion King" is a wise, old oneBaboon
56%
Unexpected bonus or windfallBoon
56%
Aquatic bird, or some kind of nutLoon
56%
British hairstylist who said "If you don't look good, we don't look good."Vidal Sassoon
56%
Multi-functional eating utensil. Also known as a "spork"Foon
53%
Watery locale of many zany antics by Gilligan, the Skipper too, and sometimes Mr. HowellLagoon
53%
A bumbler or jesterBuffoon
51%
Gold coin, popular with piratesDoubloon
51%
Surname for the Beatles' friend Rocky?Raccoon
49%
Benny's sister from the 1993 Johnny Depp filmJoon
37%
Knee-length britches, when worn by old-time men. Bloomers, when worn by old-time womenPantaloon
30%
A poor man's cuspidorSpittoon
30%
Old-time infantryman who rode a horse to the battle but dismounted to fightDragoon
21%
Old-time wimp, chicken or cowardPoltroon
5%
A missile that is launched from an aerostatRockoon
2%

Score Distribution

Percentile by Number Answered

Percent of People with Each Score

Your Score History

You have not taken this quiz